PHYSICS: (Record no. 183977)

MARC details
000 -LEADER
fixed length control field 00573nam a22001937a 4500
005 - DATE AND TIME OF LATEST TRANSACTION
control field 20220110113258.0
010 ## - LCCN (DPL NO)
LC control number ENG-131042-43
020 ## - INTERNATIONAL STANDARD BOOK NUMBER
International Standard Book Number 10-SE-000-932
Terms of availability 365.00
020 ## - INTERNATIONAL STANDARD BOOK NUMBER
International Standard Book Number 978-93-528-390-87
Terms of availability 495.00
035 ## - SYSTEM CONTROL NUMBER
System control number EN-114574-75
037 ## - SOURCE OF ACQUISITION
Source of stock number/acquisition DBAD
082 ## - DEWEY DECIMAL CLASSIFICATION NUMBER
Classification number 530
100 ## - MAIN ENTRY--PERSONAL NAME
Personal name Bhatt, Pankaj
245 ## - TITLE STATEMENT
Title PHYSICS:
Statement of responsibility, etc Pankaj Bhatt
260 ## - PUBLICATION, DISTRIBUTION, ETC. (IMPRINT)
Place of publication, distribution, etc New Delhi
Name of publisher, distributor, etc S Chand School Books
Date of publication, distribution, etc 2022
270 ## - ADDRESS
City New Delhi
Address A-27, 2nd Floor, Mhan Co-operative Industrial Estate
Postal code 110044
300 ## - PHYSICAL DESCRIPTION
Extent 138p., 266p.
Dimensions 25cm(pbk)
942 ## - ADDED ENTRY ELEMENTS (KOHA)
Source of classification or shelving scheme Dewey Decimal Classification
Item type English Books
Classification part 530
Call number suffix BHA
Holdings
Withdrawn status Lost status Materials specified (bound volume or other part) Not for loan Collection code Home library Current library Date acquired Source of acquisition Cost, normal purchase price Full call number Barcode Copy number Cost, replacement price Koha item type
    BOOK 1   Non-fiction Central Library Central Library 10/01/2022 DBAD/PUB 365.00 530 BHA EN-114574 1 365.00 English Books
    BOOK 2   Non-fiction Central Library Central Library 10/01/2022 DBAD/PUB 495.00 530 BHA EN-114575 1 495.00 English Books

© Delhi Public Library
Hit Counter
free hit counter